| 000 | 00438nam a2200145Ia 4500 | ||
|---|---|---|---|
| 003 | GCL | ||
| 008 | 140319s9999 xx 000 0 ara d | ||
| 040 |
_aGCL / _cGCL |
||
| 082 | 0 | 4 |
_a620.112 _bع م |
| 100 | 1 | _aاحمد على العريان | |
| 245 | 1 | 0 |
_aالمواد الهندسية مقاومتها واختبارها / _cاحمد على العريان |
| 700 | 1 | _aعبدالكريم محمد عطا | |
| 300 | _a494 ص | ||
| 490 | _a | ||
| 999 |
_c37799 _d37799 |
||